Sistema político-económico mundial contemporáneo (Registro nro. 31458)

Detalles MARC
000 -LEADER
fixed length control field 00345 a2200109 4500
001 - CONTROL NUMBER
control field ART_30486
005 - DATE AND TIME OF LATEST TRANSACTION
control field 20260410162003.0
008 - FIXED-LENGTH DATA ELEMENTS--GENERAL INFORMATION
fixed length control field 260409a
100 1# - MAIN ENTRY--PERSONAL NAME
Personal name Arellanes Jiménez, Paulino Ernesto
245 10 - TITLE STATEMENT
Title Sistema político-económico mundial contemporáneo
773 0# - HOST ITEM ENTRY
Title Foro político
Related parts - Vol. XVII (ago. 1996)
Record control number REV30389

No hay ítems disponibles.